00477 2200193 4500001002100000005001500021035002000036245005600056100001600112250000600128856004500134260003600179082000800215084001400223600001000237990001200247990001200259990001200271INLIS00000000000180520250506104729 a0010-05250000971 aSiti Nurbaya :b( Kasih Tak Sampai ) /cMarah Rusli0 aMarah Rusli a1 aRuang Baca Umum No Klas 800 ( Rak 3,4,5) aJakarta :bBalai Pustaka,c2000 a813 a813 MAR s 4aFiksi a00.0109 a00.0110 a00.0111